Statistics for 5 Letter Words by Rhyme

Click here to take the quiz!

General Stats

  • This quiz has been taken 103 times
  • The average score is 12 of 15

Answer Stats

Clue Rhyme Answer % Correct
Not cleanFlirtyDirty
100%
England moneyGroundPound
98%
A circle is ____HoundRound
98%
CorrectNightRight
97%
To inhale waterClinkDrink
94%
Produces fireScratchMatch
92%
Tree stemFunkTrunk
91%
LiquidDaughterWater
90%
DarkSackBlack
87%
LushScreenGreen
76%
AngryBossCross
69%
BirdSaneCrane
68%
To practicePaneTrain
64%
BlankFightWhite
57%
DelightfulBeatSweet
53%

Score Distribution

Percentile by Number Answered

Percent of People with Each Score

Your Score History

You have not taken this quiz